Giáo trình phương pháp nghiên cứu khoa học và viết đề cương nghiên cứu

Na minha lista:
Detalhes bibliográficos
Autor principal: Võ, Thị Thanh Lộc
Formato: Livro
Idioma:Undetermined
Publicado em: Cần Thơ Nxb. Đại học Cần Thơ 2015
Assuntos:
Tags: Adicionar Tag
Sem tags, seja o primeiro a adicionar uma tag!
Thư viện lưu trữ: Trung tâm Học liệu Trường Đại học Cần Thơ
LEADER 00759nam a2200229Ia 4500
001 CTU_202265
008 210402s9999 xx 000 0 und d
020 |c 39000 
082 |a 001.42 
082 |b L451 
100 |a Võ, Thị Thanh Lộc 
245 0 |a Giáo trình phương pháp nghiên cứu khoa học và viết đề cương nghiên cứu 
245 0 |c Võ Thị Thanh Lộc, Huỳnh Hữu Thọ 
260 |a Cần Thơ 
260 |b Nxb. Đại học Cần Thơ 
260 |c 2015 
526 |a Thực hành 
526 |b XH722 
650 |a Research,Nghiên cứu 
650 |x Methodology,Phương pháp luận 
904 |i Tuyến 
980 |a Trung tâm Học liệu Trường Đại học Cần Thơ